Modeling and simulation of channel and gate oxide engineered cylindrical/surrounding gate mosfets for ulsi applications (Record no. 878325)

MARC details
000 -LEADER
fixed length control field 01018nam a2200277Ia 4500
003 - CONTROL NUMBER IDENTIFIER
control field OSt
005 - DATE AND TIME OF LATEST TRANSACTION
control field 20220930085105.0
008 - FIXED-LENGTH DATA ELEMENTS--GENERAL INFORMATION
fixed length control field 220926b |||||||| |||| 00| 0 eng d
037 ## - SOURCE OF ACQUISITION
Terms of availability Theses
040 ## - CATALOGING SOURCE
Original cataloging agency CRL
Transcribing agency CRL
Language of cataloging eng
041 ## - LANGUAGE CODE
Source of code eng
Language code of text/sound track or separate title eng
100 ## - MAIN ENTRY--PERSONAL NAME
Personal name Harshupreet Kaur
9 (RLIN) 539333
110 ## - MAIN ENTRY--CORPORATE NAME
Corporate name or jurisdiction name as entry element University of Delhi. Faculty of Inter-Disciplinary & Applied Science. Department of Electronic Science
245 #0 - TITLE STATEMENT
Title Modeling and simulation of channel and gate oxide engineered cylindrical/surrounding gate mosfets for ulsi applications
260 ## - PUBLICATION, DISTRIBUTION, ETC.
Date of publication, distribution, etc. 2007
300 ## - PHYSICAL DESCRIPTION
Extent 171p.
-- p.
Dimensions cm.
650 ## - SUBJECT ADDED ENTRY--TOPICAL TERM
Topical term or geographic name entry element ELECTRICAL ENGINEERING
700 ## - ADDED ENTRY--PERSONAL NAME
Personal name Dr. Subhasis Haldar Gu.
9 (RLIN) 536489
700 ## - ADDED ENTRY--PERSONAL NAME
Personal name Prof. R. S. Gupta Gu.
700 ## - ADDED ENTRY--PERSONAL NAME
Personal name University of Delhi. Faculty of Inter-Disciplinary & Applied Science. Department of Electronic Science
942 ## - ADDED ENTRY ELEMENTS (KOHA)
Koha item type Dissertations
Source of classification or shelving scheme Colon Classification (CC)

No items available.

Copyright @ Delhi University Library System